Najpopularniejsze piosenki raperów - Statystyki

Ogólne statystyki
  • Ten quiz został rozwiązany 323 razy
  • Średni wynik to 20 z 67
Statystyki odpowiedzi
Raper Feat Nazwa utworu Liczba Wyświetleń % Poprawnych
Grubson Brak Na szczycie 123 120 795
67%
Young Leosia Brak Szklanki 18 546 686
66%
White2115 Brak California 80 237 802
65%
Mata Brak Patointeligencja 51 877 244
56%
Sarius Brak Wiking 75 107 468
56%
Otsochodzi Brak Nie, Nie 89 367 484
54%
Malik Montana Mr Polska Jagodzianki 50 402 930
53%
Young Igi Brak Bestia 62 698 188
52%
Young Multi Brak Plecak 35 065 293
51%
Oki Gedz Siri 11 873 110
50%
Reto Brak UA 86 398 226
50%
Alberto Brak Dwutakt 29 724 888
49%
Tymek Big Scythe Język ciała 144 257 014
45%
Quebonafide Reto Half Dead 104 653 286
44%
Sobel Brak Impreza 77 436 720
44%
Chivas White 2115 Mam na twarzy krew i tym razem nie jest sztuczna 12 559 221
43%
ZBUKU Śliwa, Sztoss Młoda krew 76 047 518
43%
Gedz Brak Bali 45 284 882
42%
Guzior Oskar83 FALA 58 057 876
42%
Paluch Brak Bez strachu 103 218 303
39%
Beteo Reto Meow 41 033 716
39%
Kali Brak 30kmh 63 609 941
38%
Popek Brak Wodospady 74 638 306
37%
Jan Rapowanie Szpaku, Guzior Wybory 26 271 618
37%
Żabson Brak Księżniczki 44 876 766
35%
Filipek Tymek Dementor 37 309 951
34%
Blacha Brak Mademoiselle 87 470 750
34%
Mr Polska Malik Montana Pistolet 29 172 260
33%
Janusz Walczuk Brak Janusz Walczuk 4 411 850
32%
Wac Toja Brak Kapitan 23 538 829
32%
Trill Pem Wac Toja Nicki 36 903 582
32%
Słoń Szpaku Sicario 31 312 675
32%
KaeN Cheeba, Wdowa Zbyt wiele 107 821 780
32%
Sokół Brak Chcemy być wyżej 55 595 031
31%
Sitek Brak Chcemy być wyżej 55 306 155
31%
Kizo Malik Montana Czempion 31 941 262
30%
Taco Hemingway Brak Deszcz na betonie 47 935 743
30%
Kabe Brak Nad ranem 40 963 762
30%
Be Vis Brak Surfer 31 093 236
30%
Zeamsone Brak bb 29 334 967
29%
Kartky Brak Koszmar minionego lata 42 207 929
28%
Szpaku Brak Hot16challenge2 62 075 663
26%
Chada Brak Żyć aż do bólu 62 261 078
25%
Deys Przyłu Moizdrajcy.com 31 790 007
24%
Qry Brak Bierz do buzi 8 862 321
22%
PRO8L3M Brak Molly 39 053 535
22%
Tede Książę Kapota Biełyje nosy 26 890 707
19%
Hodak Deemz Oh no! 3 936 349
19%
Sobota Buczer, Bezczel Jeszcze będzie hajc 64 047 214
18%
Solar Quebonafide Ostatni snap 8 941 760
18%
Białas Zui Mali ludzie wielkie nieba 28 649 481
17%
South Blunt System Brak Była chłodna 35 347 794
14%
Rogal DDL Brak Ebe ebe 13 521 108
14%
Adi Nowak Dziarma Placebo 16 927 829
14%
Esceh Szpaku Moét 4 340 061
13%
Bonus RPK Quebonafide, Borixon, Kizo Opowieści z krypty 13 202 686
13%
Bezczel Brak Prawo ponad prawem 31 038 713
13%
RIP Scotty Szpaku Borderline 2 688 881
12%
Bedoes Brak Jesteś ładniejsza niż na zdjęciach (na zawsze) 66 308 905
11%
Przyłu VBS Jazz 16 987 203
9%
KęKę Brak Wyjebane (tak mocno) 42 908 956
7%
PlanBe Brak Tinder Love 23 929 631
6%
Rahim Grubson, Abradab Fejm 20 908 265
5%
O.S.T.R. Brak Mówiłaś mi 37 480 872
4%
Peja Glaca, Ana Herrero Pozwól mi żyć 24 840 205
3%
Dziarma Brak Bo$$ Bitch 3 883 071
2%
Borixon Reto Jakiechan 27 887 964
1%
Nie znaleziono quizów pasujących do podanych kryteriów
Rozkład punktacji
Procent ludzi z każdym wynikiem
Percentyl według liczby udzielonych odpowiedzi
Twoja historia wyników
Nie rozwiązałeś tego quizu